000 00467cam a2200157 4500500
005 20260405001402.0
041 _afre
042 _adc
100 1 0 _aOrtoli, Sven
_eauthor
245 0 0 _aParoles, paroles
260 _c2012.
500 _a8
690 _aRésolution
786 0 _nPhilosophie magazine | 65 | 12 | 2012-12-01 | p. 6-6 | 1951-1787
856 4 1 _uhttps://shs.cairn.info/magazine-philosophie-magazine-2012-12-page-6?lang=fr&redirect-ssocas=7080
999 _c2047084
_d2047084